Statistics for Capitals North Of Vienna

Click here to take the quiz!

General Stats

  • This quiz has been taken 21 times
  • The average score is 18 of 21

Answer Stats

Degrees NorthAnswer% Correct
52.52Berlin
95%
59.43Tallinn
95%
50.85Brussels
90%
55.67Copenhagen
90%
51.5London
90%
53.9Minsk
90%
55.75Moscow
90%
59.95Oslo
90%
64.13Reykjavik
90%
56.93Riga
90%
59.32Stockholm
90%
54.68Vilnius
90%
52.23Warsaw
90%
52.37Amsterdam
85%
60.17Helsinki
85%
49.6Luxembourg
85%
48.85Paris
85%
53.33Dublin
80%
50.45Kiev
80%
50.08Prague
80%
51.17Astana
75%

Score Distribution

Percentile by Number Answered

Percent of People with Each Score

Your Score History

You have not taken this quiz